Minecraft non-naturally spawning mobs - Statistics

General Stats
  • This quiz has been taken 36 times
    35 since last reset
  • The average score is 3 of 7
Answer Stats
Answer % Correct
Wither
96%
Snow Golem
54%
Endermite
46%
Skeleton horse
39%
Charged Creeper
32%
Zoglin
32%
Skeleton horseman
18%
No matching quizzes found
Score Distribution
Percent of People with Each Score
Percentile by Number Answered
Your Score History
You have not taken this quiz since the last reset